RIVISTA DI PASTORALE LITURGICA. GENNAIO 1982. ORGANO CAL. MUSICA RITUALE NELLE CELEBRAZIONI. (Record n. 331681)
[ formato base ]
| 000 -LEADER | |
|---|---|
| fixed length control field | 02056nas a2200277Ia 4500 |
| 001 - CONTROL NUMBER | |
| control field | R050-S3095 |
| 003 - CONTROL NUMBER IDENTIFIER | |
| control field | IT-CnALBA |
| 008 - FIXED-LENGTH DATA ELEMENTS--GENERAL INFORMATION | |
| fixed length control field | 170116c99999999xx |||||||||||| ||und|| |
| 040 ## - CATALOGING SOURCE | |
| Original cataloging agency | IT-CnALBA |
| Transcribing agency | IT-CnALBA |
| 041 ## - LANGUAGE CODE | |
| Language code of text/sound track or separate title | ITALIANO |
| 999 ## - SYSTEM CONTROL NUMBERS (KOHA) | |
| Koha Dewey Subclass [OBSOLETE] | NO |
| 100 ## - MAIN ENTRY--PERSONAL NAME | |
| Personal name | STEFANI GINO |
| 210 ## - ABBREVIATED TITLE | |
| Abbreviated title | RIVISTA DI PASTORALE LITURGICA |
| 222 ## - KEY TITLE | |
| Key title | RIVISTA DI PASTORALE LITURGICA |
| 245 #0 - TITLE STATEMENT | |
| Title | RIVISTA DI PASTORALE LITURGICA. GENNAIO 1982. ORGANO CAL. MUSICA RITUALE NELLE CELEBRAZIONI. |
| 250 ## - EDITION STATEMENT | |
| Edition statement | 1a ed. |
| 260 ## - PUBLICATION, DISTRIBUTION, ETC. (IMPRINT) | |
| Place of publication, distribution, etc. | BRESCIA |
| Name of publisher, distributor, etc. | QUERINIANA EDIT. LIBR. VESC. |
| Date of publication, distribution, etc. | 1982 [1° Ed.:1982 - Ed.Ling.Originale: 1982] |
| 300 ## - PHYSICAL DESCRIPTION | |
| Extent | 78 p. |
| 310 ## - CURRENT PUBLICATION FREQUENCY | |
| Current publication frequency | BIMESTRALE |
| 362 ## - DATES OF PUBLICATION AND/OR SEQUENTIAL DESIGNATION | |
| Dates of publication and/or sequential designation | Fascicolo: 110 / Anno: 20 (1982) |
| 500 ## - GENERAL NOTE | |
| General note | RISPOSTE E SUSSIDI. NOTIZIARIO. MUSICA RITUALE, PERCHÈ? PROPOSTE MUSICALI ALLE ASSEMBLEE. COSTA E. JR PRODUZIONE E PRATICA RITUALE IN ITALIA. ROSSI M. G. ANIMAZIONE CON CANTO DI ASSEMBLEA LITURGICA. GENERO G. PRESENTAZIONE CANTO ANIMAZIONE AZIONE. BORETTI G. C. STRUMENTI E OPERATORI MUSICALI A SERVIZIO ASSEMBLEA. CONSIGLI ALLE COMUNITÀ PER CELEBRAZIONE CON CANTO. MOMENTI RITUALI MESSA ED ESPRESSIONI MUSICALI. MUSICA NELLA LITURGIA ORE. BIBLIOGRAFIA RAGIONATA. FORMAZIONE ANIMATORI MUSICALI. "UNIVERSA LAUS". ISTITUTI E SCUOLE DIOCESANE DI MUSICA RITUALE. SETTIMANA APL. |
| 501 ## - WITH NOTE | |
| With note | Società San Paolo EM - Piazza San Paolo, 14 - 12051 ALBA (CN) (non commercial uses only) ® Copyright 2017 |
| 520 ## - SUMMARY, ETC. | |
| Summary, etc. | RISPOSTE E SUSSIDI. NOTIZIARIO. MUSICA RITUALE, PERCHÈ? PROPOSTE MUSICALI ALLE ASSEMBLEE. COSTA E. JR PRODUZIONE E PRATICA RITUALE IN ITALIA. ROSSI M. G. ANIMAZIONE CON CANTO DI ASSEMBLEA LITURGICA. GENERO G. PRESENTAZIONE CANTO ANIMAZIONE AZIONE. BORETTI G. C. STRUMENTI E OPERATORI MUSICALI A SERVIZIO ASSEMBLEA. CONSIGLI ALLE COMUNITÀ PER CELEBRAZIONE CON CANTO. MOMENTI RITUALI MESSA ED ESPRESSIONI MUSICALI. MUSICA NELLA LITURGIA ORE. BIBLIOGRAFIA RAGIONATA. FORMAZIONE ANIMATORI MUSICALI. "UNIVERSA LAUS". ISTITUTI E SCUOLE DIOCESANE DI MUSICA RITUALE. SETTIMANA APL. |
| 650 ## - SUBJECT ADDED ENTRY--TOPICAL TERM | |
| Topical term or geographic name as entry element | TEOLOGIA PASTORALE |
| 942 ## - ADDED ENTRY ELEMENTS (KOHA) | |
| Koha item type | RIVISTA |
| 957 ## - | |
| -- | 1 |
| 999 ## - SYSTEM CONTROL NUMBERS (KOHA) | |
| -- | 1 |
| Withdrawn status | Lost status | Damaged status | Not for loan | Home library | Current library | Date acquired | Total Checkouts | Full call number | Date last seen | Price effective from | Koha item type | Public note |
|---|---|---|---|---|---|---|---|---|---|---|---|---|
| Buone Condizioni | Not For Loan | ALBA - Biblioteca | ALBA - Biblioteca | 16/01/2017 | R050-S3095 | 16/01/2017 | 16/01/2017 | RIVISTA | (data import: 16 gennaio 2017) - By Epidotti, Vaglietti. |